| 000 | 01436nas a2200361 a 4500 | ||
|---|---|---|---|
| 001 | 21735 | ||
| 003 | BD-RjUL | ||
| 005 | 20211209000725.0 | ||
| 008 | 140305s1950 enkqr p 0 0eng c | ||
| 035 | _a(BD-RjUL)21800 | ||
| 040 |
_aMnMULS _beng _cMnMULS _dN _dOCoLC _dN _dInU _dMH _dDLC _dOCoLC _dNLGGC _dOCoLC _dDEBBG _dGBVCP _dOCoLC _dGWDNB _dOCoLC _dBD-RjUL |
||
| 041 | _aeng | ||
| 082 | 0 | 0 |
_a808.8 _bPEN V-40 1950 |
| 245 | 0 | 4 |
_aThe Penguin new writing / _cedited by John Lehmann _n40 |
| 260 |
_aHarmondsworth, Eng. : _bAllen Lane Penguin Books, _c1950. |
||
| 300 |
_a128 p. : _bill. ; _c18 cm. |
||
| 580 | _aIncludes selections from: New writing (later Folios of new writing); and New writing and daylight. | ||
| 650 | 0 |
_aLiterature, Modern _y20th century _vPeriodicals. _967113 |
|
| 650 | 1 | 7 |
_aEngels. _2gtt _967114 |
| 650 | 1 | 7 |
_aLetterkunde. _2gtt _9652 |
| 700 | 1 |
_aLehmann, John, _d1907-1987. _967115 |
|
| 730 | 0 |
_aNew writing (London, England) _967119 |
|
| 730 | 0 |
_aFolios of new writing. _967120 |
|
| 730 | 0 |
_aNew writing and daylight. _967121 |
|
| 776 | 0 | 8 |
_iOnline version: _tPenguin new writing _w(OCoLC)567559506 |
| 787 | 1 |
_tNew writing (London, England) _w(DLC)sf 84007004 _w(OCoLC)5978293 |
|
| 787 | 1 |
_tFolios of new writing _w(DLC) 37011079 _w(OCoLC)6267639 |
|
| 787 | 1 |
_tNew writing and daylight _w(DLC) 43004354 _w(OCoLC)1760009 |
|
| 942 |
_2ddc _cBK |
||
| 999 |
_c21735 _d21735 |
||